| 000 | 00415 a2200133 4500 | ||
|---|---|---|---|
| 001 | 90973 | ||
| 082 | _aPR 1778 | ||
| 090 |
_c43112 _d43112 |
||
| 100 | _aRaja Muhammad Suhail Khan; Prof Mansoor Ahsan and Tuseef ur Rehman (Advisors) | ||
| 245 |
_aDesign and Development of an Autopilot for CAE fixed wing UAV _n76th 'B' EC |
||
| 260 |
_aRawalpindi _bNUST _c2014 |
||
| 300 | _axii;124p | ||
| 500 | _aBE Project Reports | ||
| 942 |
_aCAE NUST _kPR 1778 |
||
| 999 |
_c326046 _d326046 |
||